Statystyki dla Wschodnie Wybrzeże Afryki

Kliknij tutaj aby rozwiązać quiz!

Ogólne statystyki

  • Ten quiz został rozwiązany 68 razy
  • Średni wynik to 8 z 9

Odpowiedzi na mapie

Odpowiedzi skodowane kolorowo w zielono-czerwonej skali na mapie do tego quizu, zgodnie z poniższymi procentami.
 

Statystyki odpowiedzi

Państwa% Poprawnych
Egipt
100%
Sudan
98%
Erytrea
95%
Somalia
90%
Republika Południowej Afryki
88%
Dżibuti
86%
Kenia
86%
Tanzania
86%
Mozambik
85%

Rozkład punktacji

Percentyl według liczby udzielonych odpowiedzi

Procent ludzi z każdym wynikiem

Twoja historia wyników

Nie rozwiązałeś tego quizu